Statystyki dla Polityczne Memy

Kliknij tutaj aby rozwiązać quiz!

Ogólne statystyki

  • Ten quiz został rozwiązany 62 razy
  • Średni wynik to 8 z 18

Statystyki odpowiedzi

PytanieOdpowiedź% Poprawnych
Narzędzie za pomocą którego Grzegorz Braun wywołał skandalGaśnica
96%
"Uważaj g**niarzu żebyś ty nie siedział." Kto wypowiedział te słowa?Jarosław Kaczyński
83%
Nazywana "Korwinem Lewicy"Anna Maria Żukowska
74%
W trakcie posiedzenia sejmu, w którym wybierano nowy rząd koalicyjny, Jarosław Kaczyński nazwał Donalda Tuska:Niemieckim agentem
65%
"Kocham Prezydenta Dude i Morawieckiego". Kandydat na prezydenta w 2020 roku, którego wiec został zakłócony tymi słowami.Robert Biedroń
57%
Najczęściej powtarzane słowa Donalda Tuska w TVP w latach 2020-2023Fur Deutschland
50%
Utwór z repertuaru The Beatles zaśpiewany przez KorwinaYellow Submarine
48%
Polityk, którego debata z pewnym miłośnikiem piwa pozwoliła mu wrócić do popularności i pośrednio przyczyniła się do gorszego wyniku partii piwoszaRyszard Petru
46%
Polityk, któremu w żartach zarzucano romans z Robertem BiedroniemKrzysztof Bosak
44%
"Potężny Duńczyk"Adrian Zandberg
43%
Poseł Kaleta pomylił GEN-Z z raperemJay-Z
39%
Były polityk Konfederacji lubiący królikiArtur Dziambor
33%
Popularny ostatnio "wiceprezydent"Marcin Mastalerek
30%
Podstawiony przez TVP fikcyjny projektant mody ukazany w jednym materiale.Christian Paul
24%
Medium, w którym przeprowadzono debatęRMF FM
19%
Często używany na YouTube termin oznaczający potężnene rozprawienie się z przeciwnikiem za pomocą faktów i logikiMasakruje
9%
Twórca libertariańskich piosenek metalowych i disco poloKelthuz
7%
Znany krytyk Jacka Bartosiaka, doktor nauk humanistycznych, w swoich vlogach występuje przyodziany w historyczne strojePiotr Napierała
6%

Rozkład punktacji

Percentyl według liczby udzielonych odpowiedzi

Procent ludzi z każdym wynikiem

Twoja historia wyników

Nie rozwiązałeś tego quizu